000 00356pab a2200157 454500
008 180718b2009 xxu||||| |||| 00| 0 eng d
100 _aThapar, Romila
245 _aAshoka - a retrospective
260 _c2009
300 _ap.31-37.
362 _a7 Nov
650 _aAshoka
773 _aEconomic and Political Weekly
908 _aN
909 _a84354
999 _c84354
_d84354